|
|
|
|
| LEADER |
00919nta a2200217 i 4500 |
| 001 |
dipl111243 |
| 005 |
20210407071855.0 |
| 008 |
210407s2020 hu om 0|| zxx d |
| 040 |
|
|
|a SZTE Diploma Repozitórium
|b hun
|
| 041 |
|
|
|a zxx
|
| 100 |
1 |
|
|a Sánta Luca
|
| 245 |
1 |
0 |
|a Tanulásban akadályozott, nevelőszülőknél élő tanulók családrajzainak elemzése
|h [elektronikus dokumentum] /
|c Luca Sánta
|
| 246 |
1 |
0 |
|a Analysis of family drawings of children with learning disabilities living at foster parents
|h [elektronikus dokumentum]
|
| 260 |
|
|
|c 2020
|
| 650 |
|
4 |
|a Pedagógusképzés
|
| 650 |
|
4 |
|a Social sciences
|
| 650 |
|
4 |
|a Educational sciences
|
| 650 |
|
4 |
|a Education, special (to gifted persons, those with learning disabilities)
|
| 700 |
0 |
2 |
|a Mucsiné Erdei Mónika
|e ths
|
| 700 |
0 |
2 |
|a Bíró-Balogh Tamás
|e ths
|
| 856 |
4 |
0 |
|u https://diploma.bibl.u-szeged.hu/id/eprint/111243/1/2020_santa_luca.pdf
|z Dokumentum-elérés
|